Statistics for Famous Faces - June Birthdays

Click here to take the quiz!

General Stats

  • This quiz has been taken 326 times
  • The average score is 12 of 30

Answer Stats

Answer% Correct
Marilyn Monroe
97%
Anne Frank
88%
Paul McCartney
82%
Venus Williams
81%
Che Guevara
77%
Lionel Messi
74%
Meryl Streep
74%
Angelina Jolie
72%
Lionel Richie
70%
Mike Tyson
70%
Judy Garland
66%
Xi Jinping
52%
Geronimo
38%
Salman Rushdie
35%
Alan Turing
32%
George Orwell
28%
Benazir Bhutto
24%
Dr. Oz
22%
Pancho Villa
22%
Josephine Baker
18%
Martha Washington
18%
Suharto
16%
Michael Vick
13%
Ban Ki-moon
12%
Helen Keller
12%
Jean-Jacques Rousseau
8%
Peter the Great
8%
Alexander Pushkin
3%
Paul Gauguin
1%
Gurbanguly Berdimuhamedow
0%

Score Distribution

Percentile by Number Answered

Percent of People with Each Score

Your Score History

You have not taken this quiz